000 00511nam a22001337a 4500
008 140320b xxu||||| |||| 00| 0 eng d
050 _aSPC DT766.T376
100 _aTheal, George M.
_99198
245 _aSouth Africa
_bThe Cape Colony, Natal, Orange Free State, South African Republic, Rhodesia, and all other territories South of the Zambezi
_cGeorge M'call Theal
260 _aLondon
_bT. Fisher Unwin
_c1899
300 _axx, 452p. ;
_c21cm.
650 _aHistory
_zSouth Africa
_99199
942 _2lcc
_cREFERENCE
999 _c120234
_d120234